Famous NBA Players of The 2010s - Statistics

General Stats
  • This quiz has been taken 61 times
  • The average score is 28 of 31
Answer Stats
Picture Answer % Correct
Anthony Davis
98%
Damian Lillard
98%
James Harden
98%
Karl-Anthony Towns
98%
Klay Thompson
98%
Nikola Jokic
98%
Russell Westbrook
98%
Stephen Curry
98%
Chris Paul
96%
Derrick Rose
96%
Kevin Durant
96%
Paul George
96%
Devin Booker
94%
Draymond Green
94%
Jimmy Butler
94%
Joel Embiid
94%
Blake Griffin
92%
Kawhi Leonard
92%
DeMar DeRozan
91%
Kevin Love
91%
Kyrie Irving
91%
Zach LaVine
91%
Bradley Beal
89%
DeMarcus Cousins
89%
John Wall
87%
Andrew Wiggins
83%
DeAndre Jordan
83%
Khris Middleton
83%
Rajon Rondo
81%
Gordon Hayward
77%
Kyle Lowry
74%
No matching quizzes found
Score Distribution
Percent of People with Each Score
Percentile by Number Answered
Your Score History
You have not taken this quiz